By-products and ancillary sources of income (Record no. 52441)

MARC details
000 -LEADER
fixed length control field 00574nam a2200169Ia 4500
100 ## - MAIN ENTRY--AUTHOR NAME
Personal name George K.T.
245 #0 - TITLE STATEMENT
Title By-products and ancillary sources of income
260 ## - PUBLICATION, DISTRIBUTION, ETC. (IMPRINT)
Name of publisher In: Natural rubber: Agromanagement and crop processing. (Eds. P.J. George and C. Kuruvilla Jacob). Rubber Research Institute of India, Kottayam, India, pp. 507-520.
Year of publication 2000
650 ## - SUBJECT ADDED ENTRY--TOPICAL TERM
Topical Term Ancillary income
650 ## - SUBJECT ADDED ENTRY--TOPICAL TERM
Topical Term Rubber honey
650 ## - SUBJECT ADDED ENTRY--TOPICAL TERM
Topical Term Rubber seed
650 ## - SUBJECT ADDED ENTRY--TOPICAL TERM
Topical Term Rubber wood
700 ## - ADDED ENTRY--PERSONAL NAME
Personal name Nehru C.R.
700 ## - ADDED ENTRY--PERSONAL NAME
Personal name Reghu C.P.
942 ## - ADDED ENTRY ELEMENTS (KOHA)
Koha item type Bibliography STAF
Holdings
Withdrawn status Lost status Damaged status Not for loan Home library Current library Date acquired Koha item type
      Bibliography RRII Library RRII Library 09/04/2014 Bibliography STAF